000 00703nam a2200241Ia 4500
003 OSt
005 20220923222514.0
006 a|||||r|||| 00| 0
007 ta
008 220922b |||||||| |||| 00| 0 hin d
024 _a205,469
037 _cTextual
040 _aARTS
_cARTS
_bhin
041 _2hin
_ahin
082 _aPz7, 152K5
100 _aलोहिया, राममनोहर
_9156292
245 0 _aभाषा
246 _aBhāṣhā
260 _aहैदराबाद
_b नवहिंद
_c1965
650 _aहिन्दी भाषा
942 _hPz7, 152K5
_cTEXL
_2CC
999 _c356151
_d356151